Study on the rural credit with wvic in kandal steung district kandal province សិក្សាការធ្វើ៌ឥទានជនបទរបស់អង្គការទស្សនះពិភពលោកអន្តរជាតិកម្ពុជានៅស្រុកកណ្ដាលស្ទឺងខេត្តកណ្ដាល (Record no. 465)

000 -LEADER
fixed length control field 00708nam a22001577a 4500
003 - CONTROL NUMBER IDENTIFIER
control field OSt
005 - DATE AND TIME OF LATEST TRANSACTION
control field 20150915095648.0
008 - FIXED-LENGTH DATA ELEMENTS--GENERAL INFORMATION
fixed length control field 150915b xxu||||| |||| 00| 0 eng d
040 ## - CATALOGING SOURCE
Transcribing agency RUA
082 ## - DEWEY DECIMAL CLASSIFICATION NUMBER
Classification number AGR YAV 2000 B023 Or.1
100 ## - MAIN ENTRY--PERSONAL NAME
9 (RLIN) 485
Personal name YAV, MALOSYA.
245 ## - TITLE STATEMENT
Title Study on the rural credit with wvic in kandal steung district kandal province សិក្សាការធ្វើ៌ឥទានជនបទរបស់អង្គការទស្សនះពិភពលោកអន្តរជាតិកម្ពុជានៅស្រុកកណ្ដាលស្ទឺងខេត្តកណ្ដាល
260 ## - PUBLICATION, DISTRIBUTION, ETC. (IMPRINT)
Place of publication, distribution, etc. Phnom Penh
Name of publisher, distributor, etc. RUA
Date of publication, distribution, etc. 2000
300 ## - PHYSICAL DESCRIPTION
Extent 62p.
Other physical details ill.
Dimensions 29cm.
942 ## - ADDED ENTRY ELEMENTS (KOHA)
Source of classification or shelving scheme
Koha item type AGR
Holdings
Price effective from Date last seen Permanent Location Not for loan Date acquired Source of classification or shelving scheme Koha item type Barcode Lost status Damaged status Withdrawn status Current Location Full call number
2015-09-152015-09-15Library Block B 2015-09-15 AGRRUA001989   Library Block BAGR YAV 2000 B023 Or.1
2015-09-152015-09-15Library Block B 2015-09-15 AGRRUA001656   Library Block BAGR YAV 2000 B023 Or.2
2015-09-152015-09-15Library Block B 2015-09-15 AGRRUA001943   Library Block BAGR YAV 2000 B023 Or.3
2015-09-152015-09-15Library Block B 2015-09-15 AGRRUA001736   Library Block BAGR YAV 2000 B023 Or.4
2015-09-152015-09-15Library Block B 2015-09-15 AGRRUA001713   Library Block BAGR YAV 2000 B023 Or.5
2015-09-152015-09-15Library Block B 2015-09-15 AGRRUA001661   Library Block BAGR YAV 2000 B023 Or.6
2015-09-152015-09-15Library Block B 2015-09-15 AGRRUA001664   Library Block BAGR YAV 2000 B023 Or.7
2016-06-152016-06-15Library Block B 2016-06-15 AGRRUA057483   Library Block BAGR YAV 2000 B023 Or.8
មជ្ឈមណ្ឌលឯការនៃសាកលវិទ្យាល័យភូមិន្ទកសិកម្មចំការដូង

Powered by Koha